[Event "Cto. FACV Ind. Preferente Xeraco 2014"]
[Site "Xeraco ESP"]
[Date "2014.09.27"]
[Round "1.6"]
[White "Cortell Canet, Miguel"]
[Black "De La Calle Llopis, Juan"]
[Result "1-0"]
[WhiteElo "1785"]
[BlackElo "2000"]
[PlyCount "75"]
[EventDate "2014.09.27"]
[EventType "swiss"]
[EventRounds "7"]
[EventCountry "ESP"]
[Source "lmi"]
[SourceDate "2014.09.27"]

1. c4 e6 2. Nf3 f5 3. d4 Nf6 4. g3 c6 5. Bg2 d5 6. cxd5 exd5 7. Bg5 Bb4+ 8.
Nbd2 O-O 9. O-O Bd6 10. a3 Nbd7 11. e3 Qe8 12. b4 Ne4 13. Nxe4 fxe4 14. Nd2 Qg6
15. Bf4 Bxf4 16. exf4 a6 17. Qb3 Kh8 18. a4 Nf6 19. b5 Qh5 20. Rfc1 Bd7 21.
bxa6 bxa6 22. a5 Rab8 23. Qa3 Qe2 24. Ra2 e3 25. fxe3 Ng4 26. Nc4 Qxc4 27. Rxc4
dxc4 28. Rb2 c3 29. Rxb8 Rxb8 30. Qxc3 Rb1+ 31. Bf1 Nf6 32. Kg2 Be6 33. Bxa6
Bd5+ 34. Kh3 Be6+ 35. Kh4 Rh1 36. Qb2 h6 37. Bd3 Kg8 38. a6 1-0

[Event "Cto. FACV Ind. Preferente Xeraco 2014"]
[Site "Xeraco ESP"]
[Date "2014.09.27"]
[Round "1.7"]
[White "Frances Saez, Juan Vicente"]
[Black "Garcia Requena, Joan"]
[Result "1/2-1/2"]
[WhiteElo "1985"]
[BlackElo "1775"]
[PlyCount "56"]
[EventDate "2014.09.27"]
[EventType "swiss"]
[EventRounds "7"]
[EventCountry "ESP"]
[Source "lmi"]
[SourceDate "2014.09.27"]

1. e4 Nf6 2. e5 Nd5 3. d4 d6 4. Nf3 Bg4 5. Be2 c6 6. O-O Bxf3 7. Bxf3 dxe5 8.
dxe5 e6 9. Qe2 Nd7 10. c4 N5b6 11. b3 Qc7 12. Bb2 Nc8 13. a4 Ne7 14. g3 Ng6 15.
Re1 Bc5 16. Nd2 Rd8 17. Ne4 Bb4 18. Nd6+ Ke7 19. Red1 Ndxe5 20. Bxe5 Nxe5 21.
Qxe5 Bxd6 22. Qxg7 Rdg8 23. Qh6 Bc5 24. Qh4+ f6 25. Rd3 Rd8 26. Rad1 Rxd3 27.
Rxd3 Qe5 28. Qe4 Qxe4 1/2-1/2

[Event "Cto. FACV Ind. Preferente Xeraco 2014"]
[Site "Xeraco ESP"]
[Date "2014.09.27"]
[Round "1.8"]
[White "Bonell Selles, Juan"]
[Black "Oltra Landete, Fidel"]
[Result "1/2-1/2"]
[WhiteElo "1774"]
[BlackElo "1980"]
[PlyCount "41"]
[EventDate "2014.09.27"]
[EventType "swiss"]
[EventRounds "7"]
[EventCountry "ESP"]
[Source "lmi"]
[SourceDate "2014.09.27"]

1. e4 c6 2. d4 d5 3. e5 Bf5 4. Bd3 Bxd3 5. Qxd3 e6 6. Nf3 Qa5+ 7. Bd2 Qa6 8.
Qxa6 Nxa6 9. a3 c5 10. Nc3 Nc7 11. Rc1 a6 12. h4 cxd4 13. Nxd4 Bc5 14. Nce2 Ne7
15. Rh3 Rc8 16. Rg3 Ng6 17. Nf3 h5 18. c4 Be7 19. cxd5 exd5 20. Ned4 Kd7 21.
Nf5 1/2-1/2

[Event "Cto. FACV Ind. Preferente Xeraco 2014"]
[Site "Xeraco ESP"]
[Date "2014.09.27"]
[Round "1.9"]
[White "Canamas Soler, Jose Vicente"]
[Black "Fenollar Baenas, Nahim"]
[Result "1/2-1/2"]
[WhiteElo "1955"]
[BlackElo "1756"]
[PlyCount "83"]
[EventDate "2014.09.27"]
[EventType "swiss"]
[EventRounds "7"]
[EventCountry "ESP"]
[Source "lmi"]
[SourceDate "2014.09.27"]

1. d4 Nf6 2. Nf3 e6 3. g3 d5 4. Bg2 Be7 5. O-O Nbd7 6. c4 O-O 7. Nc3 c6 8. b3
Ne4 9. Bb2 f5 10. Nd2 Bg5 11. Ndxe4 fxe4 12. Ba3 Be7 13. Bxe7 Qxe7 14. f4 Nf6
15. e3 Bd7 16. Rc1 Rad8 17. Na4 Be8 18. Bh3 Bh5 19. g4 Bg6 20. Qe1 Nd7 21. Qg3
Rf7 22. cxd5 cxd5 23. Rc7 b5 24. Nc3 Qd6 25. f5 Qxg3+ 26. hxg3 exf5 27. gxf5
Nf6 28. Nxb5 Rxc7 29. Nxc7 Bh5 30. Rc1 Bg4 31. Ne6 Re8 32. Kh2 g6 33. Nc7 Rc8
34. fxg6 Bxh3 35. Rc6 Bd7 36. Rxf6 Rxc7 37. gxh7+ Kxh7 38. Rd6 Rc2+ 39. Kg1 Bc6
40. g4 Ba8 41. Rd8 Bc6 42. Rd6 1/2-1/2

[Event "Cto. FACV Ind. Preferente Xeraco 2014"]
[Site "Xeraco ESP"]
[Date "2014.09.27"]
[Round "1.10"]
[White "Castello Castello, Juan Jose"]
[Black "Castillo Pla, Emilio"]
[Result "1/2-1/2"]
[WhiteElo "1753"]
[BlackElo "1903"]
[PlyCount "90"]
[EventDate "2014.09.27"]
[EventType "swiss"]
[EventRounds "7"]
[EventCountry "ESP"]
[Source "lmi"]
[SourceDate "2014.09.27"]

1. Nf3 g6 2. c4 Bg7 3. g3 Nf6 4. Bg2 c5 5. Nc3 Nc6 6. O-O O-O 7. a3 d6 8. Rb1
Be6 9. d3 a5 10. Nb5 h6 11. Bd2 Rc8 12. Bc3 Qd7 13. b3 Bg4 14. Qd2 b6 15. Qb2
e5 16. e3 Rfe8 17. e4 Re7 18. Ne1 Nd4 19. Bxd4 exd4 20. f3 Be6 21. a4 Rd8 22.
Qd2 Ne8 23. f4 Bg4 24. Nf3 Nc7 25. Nxc7 Qxc7 26. Nh4 Bf6 27. Nf3 Kg7 28. Rbe1
Rde8 29. Kh1 Qb8 30. Ng1 Qc7 31. Bf3 Bc8 32. Bg2 Bg4 33. Bh3 Bxh3 34. Nxh3 Qd7
35. Kg2 Rf8 36. Qf2 Ree8 37. Qf3 Kh7 38. Nf2 h5 39. Nh3 Kg7 40. f5 Qc8 41. Rf2
h4 42. Ref1 hxg3 43. hxg3 g5 44. Rh1 Rg8 45. Qg4 Kf8 1/2-1/2

[Event "Cto. FACV Ind. Preferente Xeraco 2014"]
[Site "Xeraco ESP"]
[Date "2014.09.27"]
[Round "1.11"]
[White "Vanaclocha Llorens, Jose Loren"]
[Black "Olivares Ruiz, Pedro"]
[Result "1-0"]
[WhiteElo "1899"]
[BlackElo "1745"]
[PlyCount "115"]
[EventDate "2014.09.27"]
[EventType "swiss"]
[EventRounds "7"]
[EventCountry "ESP"]
[Source "lmi"]
[SourceDate "2014.09.27"]

1. e4 d6 2. d4 Nf6 3. Nc3 g6 4. f4 Bg7 5. Nf3 Bg4 6. e5 dxe5 7. fxe5 Nd5 8. Bc4
c6 9. O-O O-O 10. Qe1 Nb6 11. Bb3 Bxf3 12. Rxf3 Qxd4+ 13. Be3 Qxe5 14. Qh4 Nd5
15. Nxd5 cxd5 16. c3 e6 17. Qe7 Nc6 18. Qxb7 Qd6 19. Rxf7 Rxf7 20. Qxa8+ Rf8
21. Qb7 Rf7 22. Qc8+ Rf8 23. Qa6 Qc7 24. Ba4 d4 25. Bf2 Qf4 26. Rf1 dxc3 27.
Bxc6 cxb2 28. Bf3 e5 29. Qb7 Kh8 30. Qe4 Qc1 31. Bxa7 Rc8 32. Be3 Qa1 33. Kf2
Rb8 34. Qb1 Rf8 35. Ke2 e4 36. Bxe4 Rxf1 37. Kxf1 Bc3 38. Ke2 Kg7 39. Kd3 Be5
40. Bd4 Kf6 41. Bxe5+ Kxe5 42. Ke3 Kf6 43. Bd3 h6 44. Bxg6 Ke5 45. Kd2 Kd4 46.
h3 Ke5 47. Kc2 Kd6 48. Qxb2 Qg1 49. Qb4+ Kd7 50. Bf5+ Kc7 51. Qf4+ Kb6 52.
Qxh6+ Kc5 53. Qd2 Qf1 54. Qc3+ Kb6 55. Qe3+ Kc7 56. Qe4 Kd8 57. Qd3+ Qxd3+ 58.
Kxd3 1-0

[Event "Cto. FACV Ind. Preferente Xeraco 2014"]
[Site "Xeraco ESP"]
[Date "2014.09.27"]
[Round "1.12"]
[White "Morant Gomar, Sergio"]
[Black "Company Sancho, Miguel"]
[Result "0-1"]
[WhiteElo "1709"]
[BlackElo "1894"]
[PlyCount "122"]
[EventDate "2014.09.27"]
[EventType "swiss"]
[EventRounds "7"]
[EventCountry "ESP"]
[Source "lmi"]
[SourceDate "2014.09.27"]

1. e4 e5 2. Nf3 Nc6 3. Bb5 a6 4. Bxc6 dxc6 5. O-O Bg4 6. h3 h5 7. d3 Qf6 8.
Nbd2 Ne7 9. Re1 Ng6 10. d4 Bd6 11. c3 O-O-O 12. hxg4 hxg4 13. Nh2 Rxh2 14.
Qxg4+ Kb8 15. Nf3 Rh7 16. Bg5 Rdh8 17. Kf1 Qe6 18. Qxe6 fxe6 19. Be3 exd4 20.
cxd4 Bf4 21. g3 Bxe3 22. Rxe3 Rh1+ 23. Ng1 e5 24. d5 cxd5 25. exd5 Rd8 26. Rd1
Rd6 27. Kg2 Rh8 28. Nf3 Re8 29. Ng5 c6 30. Red3 e4 31. Rd4 e3 32. fxe3 Rxe3 33.
Kf2 Re8 34. dxc6 Rxc6 35. R1d2 Rf6+ 36. Kg2 Re1 37. Nf3 Re3 38. R4d3 Rfxf3 39.
Rxe3 Rxe3 40. Kf2 Re7 41. Kg2 Ne5 42. b3 Ng4 43. Kf3 Nf6 44. Rc2 Rc7 45. Rg2 g5
46. Rd2 Rc3+ 47. Kg2 Rxg3+ 48. Kxg3 Ne4+ 49. Kg4 Nxd2 50. Kxg5 Ne4+ 51. Kf4 Nc3
52. a4 a5 53. Ke3 Kc7 54. Kd4 Na2 55. Kc5 b6+ 56. Kb5 Nb4 57. Kc4 Kc6 58. Kd4
Nd5 59. Kc4 Ne3+ 60. Kd3 Kc5 61. Kxe3 Kb4 0-1

[Event "Cto. FACV Ind. Preferente Xeraco 2014"]
[Site "Xeraco ESP"]
[Date "2014.10.04"]
[Round "2.1"]
[White "Company Sancho, Miguel"]
[Black "Rodriguez Ferrer, Pablo"]
[Result "1/2-1/2"]
[WhiteElo "1894"]
[BlackElo "2101"]
[PlyCount "73"]
[EventDate "2014.09.27"]
[EventType "swiss"]
[EventRounds "7"]
[EventCountry "ESP"]
[Source "lmi"]
[SourceDate "2014.09.27"]

1. d4 Nf6 2. c4 c5 3. d5 e6 4. Nc3 exd5 5. cxd5 d6 6. e4 g6 7. Bd3 Bg7 8. Bg5
h6 9. Bf4 a6 10. a4 Nh5 11. Be3 b6 12. h3 O-O 13. Nf3 Nd7 14. Qd2 Kh7 15. g4
Nhf6 16. g5 hxg5 17. Bxg5 Qc7 18. Be3 Re8 19. Kd1 c4 20. Bc2 Nc5 21. Re1 Bd7
22. Bd4 Nh5 23. Bxg7 Nxg7 24. Qf4 Bc8 25. Qh4+ Nh5 26. e5 Nd3 27. Bxd3 cxd3 28.
Ng5+ Kg7 29. e6 f6 30. Qd4 Bb7 31. Rc1 Rac8 32. Nf7 Re7 33. Qxd3 Nf4 34. Qe3
Rxf7 35. exf7 Nxd5 36. Nxd5 Qxc1+ 37. Qxc1 1/2-1/2

[Event "Cto. FACV Ind. Preferente Xeraco 2014"]
[Site "Xeraco ESP"]
[Date "2014.10.04"]
[Round "2.2"]
[White "Bas Mas, Miguel"]
[Black "Vanaclocha Llorens, Jose Loren"]
[Result "0-1"]
[WhiteElo "2099"]
[BlackElo "1899"]
[PlyCount "116"]
[EventDate "2014.09.27"]
[EventType "swiss"]
[EventRounds "7"]
[EventCountry "ESP"]
[Source "lmi"]
[SourceDate "2014.09.27"]

1. e4 e6 2. g3 d5 3. exd5 exd5 4. Bg2 Nc6 5. b3 Qf6 6. Nc3 Bc5 7. Qe2+ Nge7 8.
f4 O-O 9. Nf3 Bg4 10. Qb5 Bb6 11. Ba3 Nd4 12. Nxd4 Qxd4 13. Rf1 Rfe8 14. Bf3
Bxf3 15. Rxf3 Nf5+ 16. Kd1 Qg1+ 17. Rf1 Qxh2 18. Kc1 Nxg3 19. Rd1 d4 20. Na4
Ne2+ 21. Kb2 Qxf4 22. Qd3 Qe4 23. Qc4 Qe5 24. d3 Nc3 25. Rf1 Nxa4+ 26. bxa4 Qe6
27. Qb4 Qd5 28. Rf4 Rad8 29. Qd2 Ba5 30. Bb4 Bxb4 31. Qxb4 Rd6 32. Ka3 a5 33.
Qb5 Qxb5 34. axb5 Re2 35. Kb3 f6 36. Rf5 Kf7 37. Rc5 Rd7 38. Rh1 h6 39. Rhh5
Ke6 40. Ka4 b6 41. Rc4 Re5 42. Rh4 Red5 43. Re4+ Kf7 44. Rh4 f5 45. Rc6 R5d6
46. Rc4 Kf6 47. Kb3 Ke5 48. Kb2 g5 49. Rh1 Kf6 50. Rxh6+ Ke5 51. Rh8 g4 52. Kc1
Kf4 53. Kd2 Re7 54. c3 Kf3 55. cxd4 Rg6 56. Rf8 Rg5 57. Rc1 g3 58. Rf1+ Kg4 0-1

[Event "Cto. FACV Ind. Preferente Xeraco 2014"]
[Site "Xeraco ESP"]
[Date "2014.10.04"]
[Round "2.3"]
[White "Barbero Verdu, Francisco"]
[Black "Cortell Canet, Miguel"]
[Result "1-0"]
[WhiteElo "2051"]
[BlackElo "1785"]
[PlyCount "71"]
[EventDate "2014.09.27"]
[EventType "swiss"]
[EventRounds "7"]
[EventCountry "ESP"]
[Source "lmi"]
[SourceDate "2014.09.27"]

1. Nf3 d5 2. b3 g6 3. Bb2 Nf6 4. e3 Bg7 5. Be2 O-O 6. O-O c5 7. d4 cxd4 8. Nxd4
Nc6 9. Nd2 Nxd4 10. Bxd4 Bf5 11. c4 Ne4 12. Bxg7 Kxg7 13. Nxe4 dxe4 14. Qc2 e6
15. Rfd1 Qf6 16. Rac1 Rad8 17. b4 Rxd1+ 18. Rxd1 Rd8 19. Rxd8 Qxd8 20. Qc3+ Kg8
21. h3 e5 22. c5 Qd5 23. Bc4 Qd1+ 24. Kh2 Be6 25. Bxe6 fxe6 26. Qxe5 Qd5 27.
Qb8+ Kf7 28. Qc7+ Kg8 29. b5 h5 30. c6 bxc6 31. bxc6 a5 32. Qc8+ Kf7 33. c7
Qe5+ 34. g3 Qf5 35. Qd7+ Kf6 36. Kg1 1-0

[Event "Cto. FACV Ind. Preferente Xeraco 2014"]
[Site "Xeraco ESP"]
[Date "2014.10.04"]
[Round "2.4"]
[White "Serra Ujaldon, Pau"]
[Black "Ferrer Berenguer, Ligorio"]
[Result "0-1"]
[WhiteElo "1671"]
[BlackElo "2032"]
[PlyCount "64"]
[EventDate "2014.09.27"]
[EventType "swiss"]
[EventRounds "7"]
[EventCountry "ESP"]
[Source "lmi"]
[SourceDate "2014.09.27"]

1. d4 Nf6 2. c4 g6 3. Nc3 Bg7 4. e4 d6 5. f3 O-O 6. Bg5 c5 7. Nge2 cxd4 8. Nxd4
Nc6 9. Be3 Bd7 10. Be2 a6 11. Qd2 Re8 12. h4 h5 13. O-O-O Rc8 14. g4 Ne5 15.
gxh5 Nxh5 16. Bh6 Nxc4 17. Bxc4 Rxc4 18. Bxg7 Kxg7 19. Rdg1 e5 20. Nde2 Qf6 21.
Ng3 Rh8 22. Qe2 Rxc3+ 23. bxc3 Nxg3 24. Qf2 Nxh1 25. Rxh1 Bg4 26. Rf1 Bh5 27.
Kc2 Qe6 28. Kb2 Rc8 29. Qe3 Qc4 30. Rf2 Qc5 31. Qd2 Rc6 32. Qc2 Qe3 0-1

[Event "Cto. FACV Ind. Preferente Xeraco 2014"]
[Site "Xeraco ESP"]
[Date "2014.10.04"]
[Round "2.5"]
[White "Castillo Pla, Emilio"]
[Black "Deruelle Sala, Albert"]
[Result "1-0"]
[WhiteElo "1903"]
[BlackElo "2063"]
[PlyCount "83"]
[EventDate "2014.09.27"]
[EventType "swiss"]
[EventRounds "7"]
[EventCountry "ESP"]
[Source "lmi"]
[SourceDate "2014.09.27"]

1. e4 e5 2. Nf3 Nc6 3. Bb5 a6 4. Ba4 Nf6 5. d3 b5 6. Bb3 Be7 7. c3 O-O 8. O-O
d5 9. Nbd2 Bg4 10. h3 Be6 11. Ng5 Qe8 12. Nxe6 fxe6 13. Qe2 Kh8 14. Nf3 Bc5 15.
a4 b4 16. a5 bxc3 17. bxc3 dxe4 18. dxe4 Qg6 19. Ba4 Nxa5 20. Be3 Bxe3 21. Qxe3
Nc4 22. Qe2 Nh5 23. Nh4 Qg5 24. Qg4 Qxg4 25. hxg4 Nf4 26. Nf3 Rad8 27. Bc6 h6
28. Rxa6 Nd2 29. Nxd2 Rxd2 30. Bb5 Rc2 31. Rc6 Rf7 32. Rc5 Kh7 33. Rxe5 Rxc3
34. g3 Nh3+ 35. Kg2 Ng5 36. f4 Rc2+ 37. Rf2 Rxf2+ 38. Kxf2 Rf6 39. Ke3 Nf7 40.
Rc5 Rg6 41. Be8 Rf6 42. e5 1-0

[Event "Cto. FACV Ind. Preferente Xeraco 2014"]
[Site "Xeraco ESP"]
[Date "2014.10.04"]
[Round "2.6"]
[White "Sendra Tormo, Juan"]
[Black "Frances Saez, Juan Vicente"]
[Result "1/2-1/2"]
[WhiteElo "1836"]
[BlackElo "1985"]
[PlyCount "151"]
[EventDate "2014.09.27"]
[EventType "swiss"]
[EventRounds "7"]
[EventCountry "ESP"]
[Source "lmi"]
[SourceDate "2014.09.27"]

1. d4 Nf6 2. Nc3 c5 3. Nf3 cxd4 4. Nxd4 d6 5. e4 a6 6. Bg5 Nbd7 7. Bc4 e6 8.
O-O b5 9. Bb3 Bb7 10. Bxe6 fxe6 11. Nxe6 Qc8 12. Nxf8 Rxf8 13. Qxd6 Qc6 14. Qd4
O-O-O 15. Nd5 Rde8 16. Rad1 Nxe4 17. Ne7+ Rxe7 18. Bxe7 Rf7 19. f3 Rxe7 20.
fxe4 Qc5 21. Qxc5+ Nxc5 22. e5 Rxe5 23. Rf7 Re2 24. Rxg7 Ne6 25. Rg3 Nf4 26.
Rf1 Ne6 27. h4 Rxc2 28. Rc3+ Rxc3 29. bxc3 Be4 30. g4 Kd7 31. Rf7+ Kd6 32. Kf2
Ke5 33. Ke3 Bb1 34. a3 Kd5 35. g5 Kc4 36. Kd2 a5 37. Kc1 Bg6 38. Rf6 Nc5 39.
Rc6 a4 40. Kb2 Kd5 41. Rc8 Ne4 42. Rd8+ Nd6 43. Rd7 Ke5 44. h5 Bxh5 45. Rxh7
Bg6 46. Re7+ Kd5 47. Rd7 Ke6 48. Rc7 Bd3 49. Rc5 Nc4+ 50. Ka2 Ne5 51. Kb2 Bc4
52. Rc8 Nd3+ 53. Kc2 Kf5 54. Rd8 Ne5 55. Kd2 Kxg5 56. Rf8 Nf7 57. Ke3 Kf5 58.
Kd4 Ke6 59. Kc5 Ne5 60. Re8+ Kf5 61. Re7 Nd3+ 62. Kb6 Kf4 63. Ka5 Nc5 64. Kb4
Ne4 65. Ra7 Ke3 66. Re7 Bd3 67. Ra7 Kd2 68. Rxa4 bxa4 69. Kxa4 Kxc3 70. Ka5 Kc4
71. Kb6 Nc5 72. Kc6 Be4+ 73. Kd6 Kd4 74. Ke7 Ke5 75. Kf7 Ne6 76. a4 1/2-1/2

[Event "Cto. FACV Ind. Preferente Xeraco 2014"]
[Site "Xeraco ESP"]
[Date "2014.10.04"]
[Round "2.7"]
[White "Oltra Landete, Fidel"]
[Black "Castello Castello, Juan Jose"]
[Result "1-0"]
[WhiteElo "1980"]
[BlackElo "1753"]
[PlyCount "107"]
[EventDate "2014.09.27"]
[EventType "swiss"]
[EventRounds "7"]
[EventCountry "ESP"]
[Source "lmi"]
[SourceDate "2014.09.27"]

1. e4 e6 2. Nf3 c5 3. Nc3 Nc6 4. Bb5 a6 5. Bxc6 bxc6 6. d4 cxd4 7. Nxd4 Bb7 8.
O-O Nf6 9. Re1 Be7 10. e5 Nd5 11. Ne4 c5 12. Nb3 f5 13. Nexc5 Bc6 14. c4 Nb6
15. Qe2 O-O 16. Rd1 Qc8 17. Be3 f4 18. Bd4 f3 19. Qc2 fxg2 20. Nxe6 dxe6 21.
Bxb6 Bf3 22. Re1 Rb8 23. Bd4 Rf4 24. Rac1 Rxb3 25. Qxb3 Bc6 26. Ba7 Bh4 27. Rc2
Rf8 28. Qh3 Bg5 29. b4 Qd7 30. Bc5 Rf5 31. Qg4 Bf4 32. Rd1 Qe8 33. Bb6 Bxh2+
34. Kxh2 Qh5+ 35. Qxh5 Rxh5+ 36. Kg3 Rg5+ 37. Kf4 g1=Q 38. Rxg1 Rxg1 39. Rd2
g5+ 40. Ke3 Re1+ 41. Kd4 Bf3 42. Rd3 g4 43. a4 Re4+ 44. Kc3 Rxe5 45. Rd8+ Kf7
46. Rd7+ Kg6 47. Bd4 Rf5 48. Rg7+ Kh6 49. Re7 e5 50. Bxe5 Bd1 51. Bd4 Bxa4 52.
Re6+ Kg5 53. Be3+ Kh4 54. Rh6+ 1-0

[Event "Cto. FACV Ind. Preferente Xeraco 2014"]
[Site "Xeraco ESP"]
[Date "2014.10.04"]
[Round "2.8"]
[White "Garcia Requena, Joan"]
[Black "Canamas Soler, Jose Vicente"]
[Result "0-1"]
[WhiteElo "1775"]
[BlackElo "1955"]
[PlyCount "48"]
[EventDate "2014.09.27"]
[EventType "swiss"]
[EventRounds "7"]
[EventCountry "ESP"]
[Source "lmi"]
[SourceDate "2014.09.27"]

1. c4 Nf6 2. Nc3 d6 3. d4 g6 4. e4 Bg7 5. f4 O-O 6. Be2 Nbd7 7. Nf3 b6 8. O-O
Bb7 9. d5 Nc5 10. Qc2 a5 11. h3 Bc8 12. Be3 Ncxe4 13. Nxe4 Nxe4 14. Bd3 Ng3 15.
Rfe1 Nf5 16. g4 Nxe3 17. Rxe3 e6 18. Rae1 Qf6 19. Re4 Qxb2 20. Qxb2 Bxb2 21.
dxe6 Bxe6 22. Ng5 Bd7 23. Re7 Rae8 24. Kf1 Bc6 0-1

[Event "Cto. FACV Ind. Preferente Xeraco 2014"]
[Site "Xeraco ESP"]
[Date "2014.10.04"]
[Round "2.10"]
[White "Pelegri Castello, Elias"]
[Black "Morant Gomar, Sergio"]
[Result "0-1"]
[WhiteElo "1881"]
[BlackElo "1709"]
[PlyCount "58"]
[EventDate "2014.09.27"]
[EventType "swiss"]
[EventRounds "7"]
[EventCountry "ESP"]
[Source "lmi"]
[SourceDate "2014.09.27"]

1. Nf3 Nf6 2. c4 d5 3. cxd5 Nxd5 4. d4 Bf5 5. e3 Qd7 6. Nc3 Nc6 7. a3 h6 8. Bd3
Bg4 9. h3 Bh5 10. g4 Bg6 11. Bxg6 fxg6 12. Qd3 O-O-O 13. Qxg6 e6 14. Bd2 Be7
15. Qe4 Rdf8 16. Ne5 Nxe5 17. Qxe5 Bh4 18. Ne4 Qf7 19. O-O-O Bf6 20. Qg3 Be7
21. f4 Qe8 22. Nc3 Qc6 23. Qe1 a6 24. Rf1 Qc4 25. e4 Nb6 26. Qe3 Rd8 27. Kb1
Bxa3 28. bxa3 Qb3+ 29. Ka1 Nc4 0-1

[Event "Cto. FACV Ind. Preferente Xeraco 2014"]
[Site "Xeraco ESP"]
[Date "2014.10.18"]
[Round "3.1"]
[White "Ferrer Berenguer, Ligorio"]
[Black "Barbero Verdu, Francisco"]
[Result "0-1"]
[WhiteElo "2032"]
[BlackElo "2051"]
[PlyCount "104"]
[EventDate "2014.09.27"]
[EventType "swiss"]
[EventRounds "7"]
[EventCountry "ESP"]
[Source "lmi"]
[SourceDate "2014.09.27"]

1. e4 c5 2. Nf3 Nc6 3. d4 cxd4 4. Nxd4 g6 5. Nc3 Bg7 6. Be3 d6 7. Be2 Nf6 8.
Nb3 Bd7 9. O-O O-O 10. f4 a6 11. Bf3 Rc8 12. g4 Na5 13. Nxa5 Qxa5 14. g5 Rxc3
15. bxc3 Ne8 16. Bd4 Bh3 17. Bg2 Bxg2 18. Kxg2 e5 19. fxe5 dxe5 20. Be3 Qxc3
21. Qd3 Qc6 22. Rad1 Nc7 23. c4 Ne6 24. Qd5 Qa4 25. Qxb7 Qxa2+ 26. Kg1 Qxc4 27.
Rf2 Nf4 28. Rfd2 Qc3 29. Qb6 Qc8 30. Rd7 Qc2 31. Bxf4 exf4 32. Qb7 f3 33. R1d2
Qc5+ 34. Kf1 Qxg5 35. e5 Qf5 36. e6 Qh3+ 37. Kg1 Qxe6 38. Qxf3 a5 39. R7d5 Re8
40. Rd8 Bf8 41. Rxe8 Qxe8 42. Re2 Qb5 43. Qe4 a4 44. Kg2 h5 45. Rf2 a3 46. Qf3
Qc4 47. Qa8 Kg7 48. h3 h4 49. Qa5 Qe4+ 50. Kf1 Qh1+ 51. Ke2 Qxh3 52. Qc3+ Qxc3
0-1

[Event "Cto. FACV Ind. Preferente Xeraco 2014"]
[Site "Xeraco ESP"]
[Date "2014.10.18"]
[Round "3.2"]
[White "Vanaclocha Llorens, Jose Loren"]
[Black "Oltra Landete, Fidel"]
[Result "1/2-1/2"]
[WhiteElo "1899"]
[BlackElo "1980"]
[PlyCount "107"]
[EventDate "2014.09.27"]
[EventType "swiss"]
[EventRounds "7"]
[EventCountry "ESP"]
[Source "lmi"]
[SourceDate "2014.09.27"]

1. e4 c5 2. Nf3 e6 3. d4 cxd4 4. Nxd4 a6 5. Nc3 Qc7 6. Be3 Nf6 7. Bd3 Nc6 8.
Nb3 b5 9. f3 Bd6 10. Qd2 Bb4 11. a3 Be7 12. O-O O-O 13. Qf2 Rb8 14. Qh4 Ne5 15.
Be2 Ng6 16. Qf2 Nf4 17. Rad1 Nxe2+ 18. Qxe2 Bb7 19. Rd2 Rfd8 20. Rfd1 d5 21.
exd5 Nxd5 22. Nxd5 Bxd5 23. Qf2 Bxb3 24. cxb3 Bf6 25. Rxd8+ Rxd8 26. Rxd8+ Qxd8
27. Qc2 h6 28. Kf1 Qd6 29. g3 Qe5 30. Bc1 Qd4 31. Kg2 h5 32. b4 g6 33. Qe2 Bg7
34. Qc2 e5 35. Bd2 f5 36. Bc3 Qc4 37. Qd2 e4 38. Bxg7 exf3+ 39. Kxf3 Qe4+ 40.
Kf2 Kxg7 41. Qc3+ Kf7 42. Qc7+ Kf6 43. Qd8+ Kg7 44. Qc7+ Kh6 45. Qc3 Kg5 46.
Qd2+ Kg4 47. Qd1+ Kh3 48. Qf1+ Kxh2 49. Qg1+ Kh3 50. Qf1+ Kg4 51. Qd1+ Kg5 52.
Qd8+ Kg4 53. Qd1+ Kg5 54. Qd8+ 1/2-1/2

[Event "Cto. FACV Ind. Preferente Xeraco 2014"]
[Site "Xeraco ESP"]
[Date "2014.10.18"]
[Round "3.3"]
[White "Rodriguez Ferrer, Pablo"]
[Black "Castillo Pla, Emilio"]
[Result "0-1"]
[WhiteElo "2101"]
[BlackElo "1903"]
[PlyCount "78"]
[EventDate "2014.09.27"]
[EventType "swiss"]
[EventRounds "7"]
[EventCountry "ESP"]
[Source "lmi"]
[SourceDate "2014.09.27"]

1. b4 e5 2. Bb2 d6 3. c4 f5 4. e3 Nf6 5. Nf3 e4 6. Nd4 Be7 7. Be2 c5 8. bxc5
dxc5 9. Nb3 Nc6 10. a3 Be6 11. d4 exd3 12. Bxd3 O-O 13. Qc2 g6 14. N1d2 Qc7 15.
Nf3 Rad8 16. h4 a5 17. Bc3 a4 18. Nbd2 Ng4 19. Be2 Nce5 20. Nxe5 Nxe5 21. Rb1
Bf6 22. Bxe5 Qxe5 23. O-O Qc3 24. Qxc3 Bxc3 25. Nf3 h6 26. Rxb7 f4 27. Rb6 Rde8
28. exf4 Rxf4 29. Rd1 Bf7 30. Bf1 Bf6 31. Ra6 g5 32. Rdd6 Kg7 33. hxg5 hxg5 34.
Rxa4 g4 35. Nd2 Bd4 36. Rxd4 Rxd4 37. Nb3 Rd1 38. Nxc5 Ree1 39. Nb3 g3 0-1

[Event "Cto. FACV Ind. Preferente Xeraco 2014"]
[Site "Xeraco ESP"]
[Date "2014.10.18"]
[Round "3.4"]
[White "Canamas Soler, Jose Vicente"]
[Black "Bas Mas, Miguel"]
[Result "1-0"]
[WhiteElo "1955"]
[BlackElo "2099"]
[PlyCount "141"]
[EventDate "2014.09.27"]
[EventType "swiss"]
[EventRounds "7"]
[EventCountry "ESP"]
[Source "lmi"]
[SourceDate "2014.09.27"]

1. Nf3 g6 2. g3 Bg7 3. Bg2 d6 4. O-O e5 5. d3 Ne7 6. c4 O-O 7. Nc3 h6 8. Bd2
Kh7 9. Rc1 c6 10. Qc2 Be6 11. a3 d5 12. cxd5 Nxd5 13. Nxd5 Bxd5 14. Bc3 Nd7 15.
e4 Be6 16. d4 exd4 17. Nxd4 Bxd4 18. Bxd4 Qc7 19. b4 Rac8 20. Bb2 Nb6 21. Rfd1
Nc4 22. Ba1 Rg8 23. Qc3 a5 24. Bf1 axb4 25. axb4 Nd6 26. f3 Ra8 27. Rc2 Qb6+
28. Kg2 Nb5 29. Qe5 Bb3 30. Rd7 Rxa1 31. Qxa1 Be6 32. Rdd2 Nc7 33. Qa5 Qxa5 34.
bxa5 Ra8 35. Rb2 Rxa5 36. Rxb7 Ne8 37. Rc2 Nd6 38. Rc7 Nb5 39. Bxb5 cxb5 40.
R7c5 Kg7 41. Kf2 Bb3 42. Rb2 Bc4 43. h4 Ra1 44. Ke3 Kf6 45. Rc6+ Ke7 46. Kd4
Ra3 47. Rf2 Be6 48. Kc5 Rc3+ 49. Kb6 Bc4 50. g4 Re3 51. h5 gxh5 52. gxh5 Be6
53. Ka5 Ra3+ 54. Kb4 Rb3+ 55. Kc5 Rc3+ 56. Kb6 Re3 57. Rxe6+ Kxe6 58. Kxb5 Rc3
59. Kb4 Rc1 60. Ra2 Kf6 61. Ra5 Rc6 62. Rf5+ Ke6 63. Rc5 Rxc5 64. Kxc5 Ke5 65.
Kc6 f5 66. exf5 Kxf5 67. Kd5 Kg5 68. Ke6 Kxh5 69. f4 Kg4 70. f5 h5 71. f6 1-0

[Event "Cto. FACV Ind. Preferente Xeraco 2014"]
[Site "Xeraco ESP"]
[Date "2014.10.18"]
[Round "3.5"]
[White "Fenollar Baenas, Nahim"]
[Black "Frances Saez, Juan Vicente"]
[Result "0-1"]
[WhiteElo "1756"]
[BlackElo "1985"]
[PlyCount "72"]
[EventDate "2014.09.27"]
[EventType "swiss"]
[EventRounds "7"]
[EventCountry "ESP"]
[Source "lmi"]
[SourceDate "2014.09.27"]

1. d4 Nf6 2. c4 e6 3. Nf3 c5 4. d5 exd5 5. cxd5 d6 6. Nc3 g6 7. e4 Bg7 8. Bd3
O-O 9. O-O Bg4 10. h3 Bxf3 11. Qxf3 Nbd7 12. Qe2 a6 13. a4 Re8 14. Bf4 Ne5 15.
Bc2 Qc7 16. Bh2 c4 17. f4 Ned7 18. Kh1 Rab8 19. Qf3 b5 20. axb5 axb5 21. Ra6
Rb6 22. Rxb6 Qxb6 23. e5 dxe5 24. fxe5 Nxe5 25. Bxe5 Rxe5 26. Qf4 Qe3 27. Qxe3
Rxe3 28. Rd1 b4 29. Nb5 b3 30. Bb1 Nxd5 31. Rxd5 Re1+ 32. Kh2 Rxb1 33. Rd8+ Bf8
34. Nc7 Rxb2 35. Nd5 Kg7 36. Nc7 Re2 0-1